Statistics for Shut up My Moms Calling - Hotel Ugly

Click here to take the quiz!

General Stats

  • This quiz has been taken 11 times
  • The average score is 168 of 187

Answer Stats

Answer% Correct
a
100%
always
100%
been
100%
but
100%
can
100%
feel
100%
go
100%
got
100%
I
100%
i
100%
in
100%
is
100%
it
100%
just
100%
know
100%
like
100%
love
100%
me
100%
say
100%
that
100%
the
100%
things
100%
to
100%
want
100%
way
100%
when
100%
you
100%
acting
86%
baby
86%
closely
86%
come
86%
even
86%
feeling
86%
find
86%
hardly
86%
hate
86%
haven't
86%
Haven't
86%
isn't
86%
lately
86%
laying
86%
lonely
86%
long
86%
rewind
86%
same
86%
seen
86%
sheets
86%
so
86%
sweet
86%
tell
86%
through
86%
time
86%
we
86%
were
86%
wish
86%
wrong
86%
all
71%
and
71%
bring
71%
only
71%
you've
71%
away
57%
hope
57%
i've
57%
need
57%
numb
57%
waste
57%
fall
43%
pain
43%
recently
43%
tried
43%
watching
43%
begun
29%
sombody
0%

Score Distribution

Percentile by Number Answered

Percent of People with Each Score

Your Score History

You have not taken this quiz